Ведение поправки на градиенты поля при расчете гравитационной постоянной; Измерительная техника; № 4

Detalles Bibliográficos
Parent link:Измерительная техника=Measurement Techniques: научно-технический журнал/ Российская Федерация, Федеральное агентство по техническому регулированию и метрологии (Ростехрегулирование) (Госстандарт России).— , 1940-1941, 1955-.— 0368-1025
№ 4.— 2002.— С. 6-8
Autor Principal: Карагиоз О. В.
Outros autores: Измайлов В. П., Кудрявицкий М. А.
Idioma:ruso
Publicado: 2002
Series:Фундаментальные проблемы метрологии
Subjects:
Formato: MixedMaterials Capítulo de libro
KOHA link:https://koha.lib.tpu.ru/cgi-bin/koha/opac-detail.pl?biblionumber=383599

MARC

LEADER 00000naa2a2200000 4500
001 383599
005 20231101063142.0
035 |a (RuTPU)RU\TPU\prd\9480 
090 |a 383599 
100 |a 20021225a2002 k y0rusy50 ca 
101 0 |a rus 
102 |a RU 
200 1 |a Ведение поправки на градиенты поля при расчете гравитационной постоянной  |f О. В. Карагиоз, В. П. Измайлов, М. А. Кудрявицкий 
225 1 |a Фундаментальные проблемы метрологии 
320 |a Библиогр.: 6 назв. 
461 1 |0 (RuTPU)RU\TPU\prd\1509  |x 0368-1025  |t Измерительная техника  |l Measurement Techniques  |o научно-технический журнал  |f Российская Федерация, Федеральное агентство по техническому регулированию и метрологии (Ростехрегулирование) (Госстандарт России)  |d 1940-1941, 1955- 
463 1 |0 (RuTPU)RU\TPU\prd\3913  |t № 4  |v С. 6-8  |d 2002 
610 1 |a градиенты полей 
610 1 |a поправки 
610 1 |a гравитационное поле 
610 1 |a расчеты 
610 1 |a систематическая погрешность 
610 1 |a притягивающиеся массы 
610 1 |a перемещение 
610 1 |a амплитуда колебаний 
610 1 |a гравитационная постоянная 
675 |a 528.27  |v 3 
700 1 |a Карагиоз  |b О. В. 
701 1 |a Измайлов  |b В. П. 
701 1 |a Кудрявицкий  |b М. А. 
801 1 |a RU  |b 63413507  |c 20021225  |g PSBO 
801 2 |a RU  |b 63413507  |c 20121214  |g RCR 
942 |c BK